| 000 | 00326nam a22001217a 4500 | ||
|---|---|---|---|
| 082 | _aP-376 | ||
| 100 |
_aMstafa Arshad _948289 |
||
| 245 | _aAnalytical Study of Mega Project (Ghazi Barotha Hydropower Project | ||
| 526 |
_a0 _b0 _c0 _dP_376 |
||
| 650 | _aProject | ||
| 700 |
_aDr Muhammad Salik Javaid _948290 |
||
| 942 |
_2ddc _cBK |
||
| 999 |
_c551279 _d551279 |
||